000
00294nam a22001457a 4500
008
210429b ||||| |||| 00| 0 eng d
020
_a
9780812928471
041
_a
eng
080
_a
37
082
_a
37
100
_a
46
101
_a
EDU
245
_a
Booknotes
_c
Lamb,B
942
_2
udc
_c
BK
999
_c
56969
_d
56969